| 000 | 01263nam a2200325Ia 4500 | ||
|---|---|---|---|
| 001 | ebr10288286 | ||
| 003 | CaPaEBR | ||
| 006 | m u | ||
| 007 | cr cn||||||||| | ||
| 008 | 081105s2009 enka sb 001 0 eng d | ||
| 020 | _z9780199535033 (cased) | ||
| 020 | _z0199535035 (cased) | ||
| 040 |
_aCaPaEBR _cCaPaEBR |
||
| 035 | _a(OCoLC)320914412 | ||
| 050 | 1 | 4 |
_aQH367.5 _b.T56 2009eb |
| 245 | 0 | 4 |
_aThe timetree of life _h[electronic resource] / _cedited by S. Blair Hedges and Sudhir Kumar ; foreword by James D. Watson. |
| 260 |
_aOxford ; _aNew York : _bOxford University Press, _c2009. |
||
| 300 |
_axxi, 551 p. : _bcol. ill. |
||
| 490 | 1 | _aOxford biology | |
| 504 | _aIncludes bibliographical references and index. | ||
| 533 |
_aElectronic reproduction. _bPalo Alto, Calif. : _cebrary, _d2011. _nAvailable via World Wide Web. _nAccess may be limited to ebrary affiliated libraries. |
||
| 650 | 0 | _aEvolution (Biology) | |
| 650 | 0 | _aPhylogeny. | |
| 655 | 7 |
_aElectronic books. _2local |
|
| 700 | 1 | _aHedges, S. Blair. | |
| 700 | 1 |
_aKumar, Sudhir, _d1967- |
|
| 710 | 2 | _aebrary, Inc. | |
| 830 | 0 | _aOxford biology. | |
| 856 | 4 | 0 |
_uhttp://site.ebrary.com/lib/rucke/Doc?id=10288286 _zAn electronic book accessible through the World Wide Web; click to view |
| 999 |
_c968 _d968 |
||